Statistiques concernant 8ème de finale d'Europa Conférence League 2023/2024

Cliquez ici pour prendre le quiz!

Statistiques générales

  • Ce quiz a été pris 17 fois
  • Le résultat moyen est 4 sur 8

Statistiques - réponses

HintRéponse% Correct
AjaxAston Villa
81%
Sturm GrazLOSC
75%
Union SGFenerbahçe
56%
OlympiacosMaccabi Tel Aviv
56%
MoldeClub Brugge
50%
ServetteViktoria Plzen
44%
Maccabi HaifaFiorentina
38%
Dinamo ZagrebPAOK
38%

Distribution des résultats

Percentile par nombre de réponses

% des personnes avec chaque résultat

Votre développement - résultats

Vous n’avez pas pris ce quiz